| 000 | 01322nam a2200325 i 4500 | ||
|---|---|---|---|
| 001 | 768714001 | ||
| 003 | CO-MdFUSB | ||
| 005 | 20220623092053.0 | ||
| 007 | ta | ||
| 008 | 000926t2000 -us g 000 0 eng d | ||
| 020 | _a9780805495034 | ||
| 040 |
_aD9B _cCO-MdFUSB _bspa _dCO-MdFUSBC _erda |
||
| 041 | _aeng | ||
| 082 |
_224 _aG 222.1407 _bC689n |
||
| 100 |
_aCole, R. Dennis _eautor |
||
| 245 | 4 |
_aNumbers _c/ Cole, R. Dennis |
|
| 264 | 1 |
_aNashville, Tennessee : _bBroadman and Holman Publishers, _c[2000] |
|
| 264 | 4 | _c© 2000 | |
| 300 |
_a574 páginas ; _c24 cm. |
||
| 336 |
_2rdacontent _atexto _btxt |
||
| 337 |
_2rdamedia _asin mediación _bn |
||
| 338 |
_2rdacarrier _avolumen _bnc |
||
| 490 | _aThe New American commentary ; | ||
| 505 | _aEl fin de la primera generación en el desierto (1:1-25:18) -- Fidelidad de Israel en el Sinaí (1:1-10:10) -- La generación rebelde en el desierto (10:11-25:18) -- La nueva generación y las perspectivas de la Tierra Prometida (26:1-36:13) -- Preparación de la nueva generación de Israel (26:1-30:16) -- Ciclo B de Adviento: preparación para la guerra y entrada en la Tierra Prometida (31,1-36,13). | ||
| 563 | _aRústico | ||
| 653 | _aBiblia. Números -- Crítica e interpretación, etc. | ||
| 942 | _cBK | ||
| 945 | _aJTF-925 | ||
| 999 |
_c67853 _d67853 |
||